| 000 | 00638nam a22002057a 4500 | ||
|---|---|---|---|
| 003 | DO-SdBNP | ||
| 005 | 20171023112251.0 | ||
| 008 | 171019b 2015|||| |||| 00| 0 spa d | ||
| 020 | _a9789945588477 | ||
| 040 |
_aBPMSU _bspa _cBPMSU |
||
| 100 | 1 | _aSolano, Edwin | |
| 245 | 1 |
_aCoartadas / _cEdwin Solano ; corrección Milady González |
|
| 260 |
_aSanto Domingo : _bRumbo Norte ; _c2015. |
||
| 300 |
_a41 p. : _c23 cm. |
||
| 500 | _aIncluye datos biográficos del autor en la solapa de la cubierta | ||
| 700 | 1 |
_aGonzález, Milady, _ecorr. |
|
| 942 |
_2ddc _cBK |
||
| 945 | _aInventariado / 2017 VM | ||
| 956 |
_aBTAVAREZ _b10 _c20171019 _d0038 |
||
| 999 |
_c12637 _d12637 |
||